[Event "Nittenau-ch 16th"]
[Site "Nittenau"]
[Date "2016.09.18"]
[Round "4"]
[White "Baumueller, Steffen"]
[Black "Eckl, Ulrich"]
[Result "0-1"]
[WhiteElo "1259"]
[BlackElo "1302"]
[PlyCount "98"]
[EventDate "2016.09.16"]
[EventType "swiss"]
[EventRounds "5"]
[EventCountry "GER"]
[SourceTitle "EXT 2022"]
[Source "ChessBase"]
[SourceDate "2021.10.06"]
[SourceVersion "1"]
[SourceVersionDate "2021.10.06"]
[SourceQuality "1"]

1. d4 c5 2. d5 d6 3. c4 g6 4. Nc3 Bg7 5. Nf3 Na6 6. e4 Nc7 7. Bd3 Nf6 8. h3 a6 9. Bg5 h6 10. Bh4 Nh5 11. Qc2 Nf4 12. Bf1 Nh5 13. Qd2 Rb8 14. 0-0-0 b5 15. g4 Nf6 16. e5 Nd7 17. exd6 Na8 18. Bxe7 Qa5 19. Qe3 Bxc3 20. Bd8+ Kf8 21. Bxa5 Bxa5 22. Qe7+ Kg7 23. Ne5 Nxe5 24. Qxe5+ Kh7 25. f4 bxc4 26. Bxc4 Nb6 27. Bb3 c4 28. Bc2 Bb7 29. Be4 Nd7 30. Qe7 Kg7 31. Qxd7 Rhe8 32. Bf3 c3 33. Qa4 cxb2+ 34. Kb1 Bc3 35. Rd3 Bf6 36. Qd1 Ba8 37. Re1 Rec8 38. Qe2 a5 39. Rb3 a4 40. Rxb8 Rxb8 41. Qe8 Rxe8 42. Rxe8 Bb7 43. d7 Ba6 44. Be4 Bf1 45. d8Q Bxd8 46. Rxd8 a3 47. Ra8 Bxh3 48. Bf3 f5 49. gxf5 Bxf5+ 0-1

[Event "Nittenau-ch 16th"]
[Site "Nittenau"]
[Date "2016.09.18"]
[Round "5"]
[White "Eckl, Ulrich"]
[Black "Braun, Dieter"]
[Result "1/2-1/2"]
[WhiteElo "1302"]
[BlackElo "1701"]
[PlyCount "79"]
[EventDate "2016.09.16"]
[EventType "swiss"]
[EventRounds "5"]
[EventCountry "GER"]
[SourceTitle "EXT 2022"]
[Source "ChessBase"]
[SourceDate "2021.10.06"]
[SourceVersion "1"]
[SourceVersionDate "2021.10.06"]
[SourceQuality "1"]

1. e4 d6 2. Nc3 g6 3. f4 Bg7 4. Nf3 c5 5. Bc4 Nf6 6. 0-0 0-0 7. Qe1 e6 8. a3 a6 9. b4 b5 10. Ba2 c4 11. d3 d5 12. e5 Nfd7 13. Ng5 h6 14. Nf3 Nc6 15. Ne2 cxd3 16. cxd3 Bb7 17. d4 Ne7 18. Bb1 Rc8 19. Ng3 Rc6 20. h4 h5 21. f5 exf5 22. Nxh5 gxh5 23. Bg5 Rg6 24. Bxf5 Rxg5 25. Nxg5 Nxf5 26. Rxf5 f6 27. Ne6 Qb6 28. Nxf8 Qxd4+ 29. Kh2 Nxe5 30. Ne6 Qg4 31. Nxg7 Kxg7 32. Qg3 Kg6 33. Raf1 Qxg3+ 34. Kxg3 Ng4 35. Kf4 Nh6 36. Rxd5 Bxd5 37. g3 Kf7 38. Rc1 Bc4 39. Rd1 Ke7 40. Re1+ 1/2-1/2